Gavin and Stacey Quiz - Statistics

General Stats
  • This quiz has been taken 530 times
  • The average score is 22 of 31
Answer Stats
Hint Answer % Correct
Shipman Son Gavin
100%
Gavin's Bestfriend Smithy
100%
West Daughter Stacey
100%
Shipman Mum Pam
99%
Shipman Dad Mick
98%
Stacey's Bestfriend Nessa
95%
Smithy and Nessa's Baby Neil
92%
West Mother Gwen
91%
West Uncle Bryn
89%
Gwen's Neighbor Doris
87%
West Brother Jason
87%
Smithy's Girlfriend Lucy
87%
Nessa's Fiance Dave
83%
Pam's Friend Dawn
82%
Gavin's Friend Fingers
77%
Pam's Friend Pete
76%
Gavin's Friend Dirtbox
74%
Smithy's Sister Rudi
74%
Gavin's Friend Budgie
68%
Smithy's Mother Cath
62%
Gavin's Friend Deano
62%
Gwen's Arch Enemy Jean
59%
Welsh Speaker Dick Powell
53%
Gavin's Colleague Owain Hughes
52%
Gavin's Friend Jesus
51%
Gavin's Friend Gary and Simon
48%
Vicar Father Chris
39%
Stag Night Organizer Jammy
38%
Gavin's Friend Swede
21%
Stacey's Friend Louise
14%
Nessa's Dad Nessa's Dad
3%
No matching quizzes found
Score Distribution
Percent of People with Each Score
Percentile by Number Answered
Your Score History
You have not taken this quiz